000 00640cam a22002171 4500
001 af 48001389
003 DLC
005 20260227110849.0
008 890424s1942 be 000 1 dut c
010 _aaf 48001389
035 _a(OCoLC)19592094
040 _aCalifornia. Univ. Libr.
_cCU
_dDLC
042 _apremarc
050 0 0 _aPT6460.W3
_bV6
100 1 _aWalschap, Gerard,
_d1898-
245 1 0 _aVolk.
260 _aAntwerpen,
_bDe Nederlandsche Boekhandel,
_c1942.
300 _a146 p.
_c18 cm.
440 3 _aDe Seizoenen,
_vnr. 12
505 0 _aLeven van den grafmaker.--Teugels' Gust.--De goddeloosheid van Soo de Kommer.--Peutrus.
999 _c4503
_d4503